A MEDIATED MAGIC; THE INDIAN PRESENCE IN MODERNISM 1880-1930 (Record no. 200851)
[ view plain ]
| 000 -LEADER | |
|---|---|
| fixed length control field | 00778nam a22002177a 4500 |
| 005 - DATE AND TIME OF LATEST TRANSACTION | |
| control field | 20240216122648.0 |
| 008 - FIXED-LENGTH DATA ELEMENTS--GENERAL INFORMATION | |
| fixed length control field | 090826t xxu||||| |||| 00| 0 eng d |
| 010 ## - LCCN (DPL NO) | |
| LC control number | ENG-139322 |
| 020 ## - INTERNATIONAL STANDARD BOOK NUMBER | |
| International Standard Book Number | 9789383243280 |
| Terms of availability | 2800.00 |
| 035 ## - SYSTEM CONTROL NUMBER | |
| System control number | EN-122854 |
| 082 ## - DEWEY DECIMAL CLASSIFICATION NUMBER | |
| Classification number | 700.954 |
| 100 ## - MAIN ENTRY--PERSONAL NAME | |
| Personal name | P. Ahuja Naman and Belfrage Louise |
| 9 (RLIN) | 36944 |
| 245 ## - TITLE STATEMENT | |
| Title | A MEDIATED MAGIC; THE INDIAN PRESENCE IN MODERNISM 1880-1930 |
| Statement of responsibility, etc | Naman P. Ahuja Belfrage |
| 260 ## - PUBLICATION, DISTRIBUTION, ETC. (IMPRINT) | |
| Place of publication, distribution, etc | Mumbai |
| Name of publisher, distributor, etc | The Marg Fundation |
| Date of publication, distribution, etc | 2019 |
| 270 ## - ADDRESS | |
| Address | 148,M.G. Road, |
| City | Mumbai |
| Postal code | 400001 |
| 300 ## - PHYSICAL DESCRIPTION | |
| Extent | 184p.; |
| Dimensions | 32cm |
| Other physical details | col. photos |
| 700 ## - ADDED ENTRY--PERSONAL NAME | |
| Personal name | P. Ahuja Naman |
| 9 (RLIN) | 62213 |
| 700 ## - ADDED ENTRY--PERSONAL NAME | |
| Personal name | Belfrage Louise |
| 9 (RLIN) | 62214 |
| 942 ## - ADDED ENTRY ELEMENTS (KOHA) | |
| Source of classification or shelving scheme | Dewey Decimal Classification |
| Item type | English Books |
| Classification part | 700.954 |
| Call number suffix | AHU |
| Withdrawn status | Lost status | Source of classification or shelving scheme | Damaged status | Not for loan | Collection code | Home library | Current library | Date acquired | Source of acquisition | Cost, normal purchase price | Total Checkouts | Full call number | Barcode | Date last seen | Copy number | Cost, replacement price | Koha item type |
|---|---|---|---|---|---|---|---|---|---|---|---|---|---|---|---|---|---|
| Dewey Decimal Classification | Not For Loan | Reference | Sarojini Nagar | Sarojini Nagar | 16/02/2024 | DBAD/PUB | 2800.00 | 700.954 AHU | EN-122854 | 16/02/2024 | 1 | 2800.00 | English Books |
